000 00370cam a22001217a 4500
008 180718b1975 xxu||||| |||| 00| 0 eng d
082 _aT3103x54 In2h/75
245 _aA handbook on the companies act
_cby Indian Chamber of Commerce
260 _aDelhi
_bOxford and IBH
_c1975
300 _a303p.
650 _aCorporation law - India
700 _aIndian Chamber of Commerce
999 _c346458
_d346458